Singapur
Stručná ekonomická charakteristika Sigapuru. Vplyv hospodárskej krízy v regióne juhovýchodnej Ázie na rast HDP Singapuru. Zahranično-obchodné vzťahy Česka a Singapuru. Perspektívne trhové sektory a komodity.
Na minha lista:
| Autor principal: | |
|---|---|
| Formato: | Capítulo de Livro |
| Idioma: | tcheco |
| Assuntos: | |
| Tags: |
Sem tags, seja o primeiro a adicionar uma tag!
|
MARC
| LEADER | 00000naa a2200000 4500 | ||
|---|---|---|---|
| 001 | r036489 | ||
| 005 | 20230920100214.4 | ||
| 041 | 0 | |a cze | |
| 044 | |a CZ | ||
| 245 | 1 | 0 | |a Singapur |c Vladimír Slunečko |
| 520 | |a Stručná ekonomická charakteristika Sigapuru. Vplyv hospodárskej krízy v regióne juhovýchodnej Ázie na rast HDP Singapuru. Zahranično-obchodné vzťahy Česka a Singapuru. Perspektívne trhové sektory a komodity. | ||
| 610 | 2 | 0 | |a obchod zahraničný |
| 610 | 2 | 0 | |a bilancia platobná |
| 610 | 2 | 0 | |a situácia hospodárska |
| 610 | 2 | 0 | |a komodity |
| 610 | 2 | 0 | |a Singapur |
| 610 | 2 | 0 | |a Česko |
| 100 | 1 | |a Slunečko, Vladimír | |